Ефективні прийоми навчання англомовної лексики учнів 5-9 класів середньої школи (Запис № 285952)
[ простий вигляд ]
| 000 -Лідер | |
|---|---|
| fixed length control field | 02138nam a22002297a 4500 |
| 001 - Контрольний номер | |
| control field | 216222729 |
| 003 - Ідентифікатор контрольного номера | |
| control field | UA-OsUOA |
| 005 - Дата та час останнього входження (трансакції) | |
| control field | 20220825124551.0 |
| 008 - Елементи даних фіксованої довжини – загальна інформація | |
| fixed length control field | 220825b un a|||f |||| 00| 0 ukr d |
| 040 ## - Джерело каталогізації | |
| Агенція оригінальної каталогізації | UA-OsUOA |
| Мова каталогізації | ukr |
| Агенція, яка здійснювала перезапис | UA-OsUOA |
| Агенція, яка здійснювала модифікацію | UA-OsUOA |
| 041 ## - Код мови | |
| Код мови тексту/ звукової доріжки чи окремого заголовка (П) | ukr |
| 080 ## - Індекс Універсальної десяткової класифікації | |
| Індекс Універсальної десяткової класифікації (УДК) (НП) | 371.3 |
| 090 ## - Локальний шифр розміщення | |
| Класифікаційний індекс УДК | 371.3 |
| Авторський знак (НП) | З12 |
| 100 ## - Основне введення – ім’я особи | |
| Ім’я особи (НП) | Забейда О. В. |
| 245 ## - Відомості про назву | |
| Назва (НП) | Ефективні прийоми навчання англомовної лексики учнів 5-9 класів середньої школи |
| Дані про відповідальність (НП) | Забейда О. В. |
| 260 ## - Публікація, розповсюдження і т.п. (Вихідні дані) | |
| Місце публікації, розповсюдження і т.п. (П) | Острог |
| Ім’я/ наймення видавництва, розповсюджувача і т.п. (П) | КАФ |
| Дата публікації, розповсюдження і т.п. (П) | 2017 |
| 300 ## - Фізичний опис | |
| Обсяг | 73 с. |
| 520 ## - Резюме і т.п. | |
| Резюме, реферат, анотація, тощо (НП) | Вступ.<br/>Розділ І. Методика формування іншомовної лексичної компетенції.<br/>1.1. Методика викладання іноземної мови в основній школі<br/>1.2. Особливості формування лексичної компетенції<br/>1.3. Підходи до навчання англомовної лексики<br/>Розділ ІІ. Особливості навчання учнів 5-9 класів середньої школи.<br/>2.1. Вимоги до навчання англійської мови учнів 5-9 класів<br/>2.2. Мотивація як один з чинників засвоєння іншомовної лексики учнями основної школи<br/>Розділ ІІІ. Ефективні прийоми навчання англомовної лексики учнів 5-9 класів.<br/>3.1. Використання відеоматеріалів для ознайомлення з лексикою<br/>3.2. Використання онлайн-ресурсів для автоматизації дій учнів з лексичними одиницями<br/>3.3. Види діяльності для закріплення англомовного лексичного матеріалу<br/>Висновки.<br/>Список використаних джерел.<br/>Додатки. |
| 650 ## - Додаткове предметне введення – тематичний термін | |
| Тематичний термін чи географічна назва, як елемент введення (НП) | 371.3 Методи та форми навчання |
| Джерело заголовка чи терміна | UDC |
| 942 ## - Додаткові елементи входу (Коха) | |
| Тип елемента Koha | Книги |
| Source of classification or shelving scheme | Universal Decimal Classification |
| 955 ## - Код типу видання за змістом | |
| Код типу видання за змістом (НП) | Наукові видання |
| Стан вилучень | Стан втрат | Джерело класифікації або схеми стелажів | Стан уражень | Не для кредиту | Постійне місце розташування | Поточне розміщення | Дата придбання | Джерело придбання | Вартість, звичайна ціна покупки | Повний номер виклику | Штрих-код | Дата останнього перегляду | Вартість, ціна заміни | Ціна ефективна від | Тип елемента Koha | Примітка, призначена для загального доступу |
|---|---|---|---|---|---|---|---|---|---|---|---|---|---|---|---|---|
| Universal Decimal Classification | ВІЛ - Відділ іноземн. літератури НБ | ВІЛ - Відділ іноземн. літератури НБ | 27/06/2017 | Акт №02/17 | 1.00 | 371.3 З12 | 216028 | 10/11/2021 | 1.00 | 27/06/2017 | Книги | Дипломна робота (бакалавр) |